000
00311 a2200145 4500
001
151003
040
_c
Escola São Tomás de Aquino
100
_a
SOUSA, Mauricio de
240
1
0
_a
Rapunzel
_l
por
245
1
0
_a
Rapunzel
300
_a
16
440
1
_a
Girassol
697
_a
*LITERATURA INFANTIL
942
_c
BK
999
_c
151003
_d
151003